000 00868nam a2200217 a 4500
003 0
005 20250625093427.0
008 050809s19uu xx 00 eng d
050 _aPGS BF 723.C5.C67
_b.B886 2005
100 _aBrucal, Dominique Marlowe M.
245 _aCoping mechanisms of children with siblings with ADHD /
_cDominique Marlowe M. Brucal.
260 _aLas PiƱas City, Philippines :
_bSouthville International School and Colleges,
_c2005.
300 _a38 pages :
_billustrations ;
_c28 cm.
504 _aIncludes bibliographical references.
650 _aSiblings of children with disabilities.
650 _aAttention-deficit hyperactivity disorder in children.
650 _aCoping strategies in children.
650 _aFamily relationships
_vPsychological aspects.
650 _aParental influences on children.
942 _2lcc
_cPASS
999 _c97347
_d97347